00287nam a2200133Ia 45000030006000000080041000060400015000471000019000622450024000812500010001052600009001155460012001240050017001360STCL150530s9999 xx 000 0 und d aSTCLcSTCL aJoseph Clayton aLuther and His work aFirst c1937 aEnglish20220125171410.0